Demand for commercial property (Record no. 71904)

MARC details
000 -LEADER
fixed length control field 01014cam a2200217 4500
001 - CONTROL NUMBER
control field WB3901-07
008 - FIXED-LENGTH DATA ELEMENTS--GENERAL INFORMATION
fixed length control field 030109n2003 000 0 eng u
035 ## - SYSTEM CONTROL NUMBER
System control number (Sirsi) u120956
245 ## - TITLE STATEMENT
Title Demand for commercial property
260 ## - PUBLICATION, DISTRIBUTION, ETC.
Date of publication, distribution, etc. 2003
490 ## - SERIES STATEMENT
Series statement CBI News Release
Volume/sequential designation 8 January 2003, (4)
520 ## - SUMMARY, ETC.
Summary, etc. The CBI/GVA Grimley "Survey of property trends" for Winter 2002-03 shows that demand for commercial property grew in the second half of 2002 with a balance of plus 13%. The bi-annual survey predicts a slowdown in growth over the first half of 2003 to plus 5%. Survey available from www.gvagrimley.co.uk/Research/SurveyPropertyTrends www.cbi.org.uk/ndbs/press.nsf/0363c1f07c6ca12a8025671c00381cc7/21dc5047f593828980256c91003e42e5?OpenDocument
590 ## - LOCAL NOTE (RLIN)
Local note WB
650 ## - SUBJECT ADDED ENTRY--TOPICAL TERM
Topical term or geographic name entry element CBI
650 ## - SUBJECT ADDED ENTRY--TOPICAL TERM
Topical term or geographic name entry element GVA GRIMLEY
650 ## - SUBJECT ADDED ENTRY--TOPICAL TERM
Topical term or geographic name entry element PROPERTY-COMMERCIAL PROPERTY
650 ## - SUBJECT ADDED ENTRY--TOPICAL TERM
Topical term or geographic name entry element SUPPLY AND DEMAND
650 ## - SUBJECT ADDED ENTRY--TOPICAL TERM
Topical term or geographic name entry element PROPERTY HOLDINGS
690 ## - LOCAL SUBJECT ADDED ENTRY--TOPICAL TERM (OCLC, RLIN)
Topical term or geographic name as entry element PROPERTY-COMMERCIAL PROPERTY-COMMERCIAL PROPERTY MARKET
942 ## - ADDED ENTRY ELEMENTS (KOHA)
Suppress in OPAC 0
Holdings
Withdrawn status Lost status Source of classification or shelving scheme Damaged status Not for loan Home library Current library Shelving location Date acquired Total Checkouts Full call number Barcode Date last seen Copy number Price effective from Koha item type
    Dewey Decimal Classification     London London News article 09/01/2003   WB3901-07 120956-1001 06/08/2019 1 06/08/2019 News article